| 000 | 00519cam a22001932a 4500 | ||
|---|---|---|---|
| 001 | 011258 | ||
| 003 | AR-FADEU | ||
| 008 | 311216n1969####xxu####################dd | ||
| 092 |
_aD348.304 _bB234r |
||
| 100 | _aBarberis, Julio A. | ||
| 245 | _aRégimen jurídico del Río de la Plata | ||
| 260 | _aBuenos Aires | ||
| 260 | _bAbeledo-Perrrot | ||
| 260 | _c1969 | ||
| 300 | _a204 p | ||
| 500 | _aIncluye bibliografía | ||
| 650 | _aRECURSOS NATURALES; RECURSOS HIDRICOS; RIO DE LA PLATA-DERECHO | ||
| 942 | _cBDGR | ||
| 999 |
_c17036 _d17036 |
||